000 01221nam a22003497a 4500
003 CHAP
005 20220817041024.0
008 971013s1989 r 00010 d
010 _a4741
011 _a5713
035 _a4928
040 _cCHAP
090 _aFolleto 13627
110 _aPrograma de las Naciones Unidas para el Medio Ambiente
_992307
245 _aInforme de avances del proyecto sobre la potencialidad natural y ordenación racional de los ecosistemas forestales tropicales y subtropicales en América Central y México (PSR-6)
260 _aBrasilia, Brasil :
_bPNUMA,
_c1989
300 _a16 p.
490 _aUNEP/LAC-IGWG. VI/Inf,
_v; 8
500 _a54-121
590 _aBATCH-UPD
_b10
_c20130110
_lUCH01
_h0900
590 _aBATCH-UPD
_b10
_c20130410
_lUCH01
_h0529
590 _aBATCH-UPD
_b10
_c20130914
_lUCH01
_h0701
590 _aCONVERSION
_b10
_c20130109
_lUCH01
_h1304
650 1 4 _aBosques
_xAdministración.
_914003
650 1 4 _aBosques
_xAmérica Central.
_914050
650 1 4 _aBosques
_xMéxico.
_914341
650 1 4 _aBosques
_xTrópicos.
_914401
830 0 _aUNEP/LAC-IGWG. VI/Inf,
_v; 8
901 _aBK
942 _cFOLL
949 _aFolleto 13627
_bBC
_cFOLL
_d-14492
_eTS1
_i4928
_si
999 _c4741
_d4741